Rzeczowniki na RZ - Statystyki

Ogólne statystyki
  • Ten quiz został rozwiązany 30 razy
  • Średni wynik to 10 z 24
Statystyki odpowiedzi
Odpowiedź % Poprawnych
rzecz
90%
rząd
70%
rzeka
70%
rzep
60%
rzeź
60%
rzodkiew
60%
rzeczownik
55%
rzepa
55%
rzut
55%
rzęsa
40%
rzutnik
40%
rzepka
35%
rzeźba
35%
rzeżucha
35%
rzeczywistość
30%
rzepak
30%
rzesza
30%
rzeźbiarz
30%
rzeźnik
30%
rzecznik
25%
rzemiosło
25%
rzadkość
20%
rzetelność
20%
rzemieślnik
10%
Nie znaleziono quizów pasujących do podanych kryteriów
Rozkład punktacji
Procent ludzi z każdym wynikiem
Percentyl według liczby udzielonych odpowiedzi
Twoja historia wyników
Nie rozwiązałeś tego quizu